000
00329nam a2200133Ia 4500
005
20251222141928.0
008
251222s9999||||xx |||||||||||||| ||spa||
020
_a
84-95345-33-1
082
_a
306.44/T83
100
_a
Trujillo Sáez, Fernando
245
0
_a
Cultura, Comunicación y Lenguaje:
264
_b
Mágina
942
_c
LIB
999
_c
8947
_d
8947